[Event "4NCL Division 3 North"]
[Site "Bolton, ENG"]
[Date "2017.01.14"]
[Round "3.52"]
[White "Burton, Graham P"]
[Black "Angelov, Emil"]
[Result "0-1"]
[WhiteElo "2035"]
[BlackElo "2260"]
[PlyCount "38"]
[EventDate "2017.01.14"]
[WhiteTeam "3Cs 2"]
[BlackTeam "Hounds and Bears"]

1. e4 Nf6 2. e5 Nd5 3. Nc3 Nxc3 4. bxc3 d6 5. f4 dxe5 6. fxe5 Qd5 7. Nf3 Bg4 8.
d4 Nc6 9. Be2 O-O-O 10. O-O f6 11. c4 Qe4 12. c3 Nxe5 13. Bd2 Nd3 14. Rb1 e5
15. h3 Bh5 16. d5 Qxc4 17. Be3 Qxd5 18. c4 Qe4 19. Bxa7 Nf4 0-1

[Event "4NCL Division 3 North"]
[Site "Bolton, ENG"]
[Date "2017.01.14"]
[Round "3.53"]
[White "McCumiskey, Andrew P"]
[Black "Adams, Philip"]
[Result "1/2-1/2"]
[WhiteElo "2027"]
[BlackElo "1990"]
[PlyCount "48"]
[EventDate "2017.01.14"]
[WhiteTeam "Hounds and Bears"]
[BlackTeam "3Cs 2"]

1. d4 e6 2. e4 d5 3. Nc3 Nf6 4. e5 Nfd7 5. Nce2 c5 6. c3 Nc6 7. a3 Qb6 8. Nf3
cxd4 9. cxd4 a5 10. Nc3 f6 11. exf6 Nxf6 12. Bb5 Bd6 13. O-O O-O 14. b3 Bd7 15.
Bb2 Rae8 16. Qd2 Re7 17. Rae1 Ng4 18. Qd3 Rxf3 19. gxf3 Nxh2 20. Nxd5 exd5 21.
Rxe7 Nxe7 22. Bxd7 Nxf1 23. Kxf1 Bf4 24. Qe2 Kf7 1/2-1/2

[Event "4NCL Division 3 North"]
[Site "Bolton, ENG"]
[Date "2017.01.14"]
[Round "3.54"]
[White "Rita, Joao"]
[Black "Carpenter, Raymond"]
[Result "1-0"]
[WhiteElo "1916"]
[BlackElo "1990"]
[PlyCount "53"]
[EventDate "2017.01.14"]
[WhiteTeam "3Cs 2"]
[BlackTeam "Hounds and Bears"]

1. e4 c5 2. Nf3 d6 3. c3 Nf6 4. h3 Bd7 5. Bd3 Nc6 6. O-O g6 7. Bc2 Rc8 8. d4
cxd4 9. cxd4 Nb4 10. Bb3 Bb5 11. Ba4 Qa5 12. Bxb5+ Qxb5 13. Nc3 Qa6 14. e5 Nfd5
15. Qb3 Nxc3 16. bxc3 Nd3 17. exd6 Nxc1 18. d7+ Kxd7 19. Ne5+ Kc7 20. Rfxc1 Bh6
21. Rc2 Rhf8 22. Nxf7 Bf4 23. Re1 Qf6 24. Ne5 Rcd8 25. Qb2 Qa6 26. Qb4 Rfe8 27.
Qc4+ 1-0

[Event "4NCL Division 3 North"]
[Site "Bolton, ENG"]
[Date "2017.01.14"]
[Round "3.55"]
[White "Karim, Ammar"]
[Black "McLean, Robert"]
[Result "1-0"]
[WhiteElo "1960"]
[BlackElo "1967"]
[PlyCount "35"]
[EventDate "2017.01.14"]
[WhiteTeam "Hounds and Bears"]
[BlackTeam "3Cs 2"]

1. d4 d5 2. e3 Nf6 3. Bd3 e6 4. Nd2 c5 5. c3 Nc6 6. Ne2 Bd6 7. Nf1 O-O 8. Nfg3
a6 9. f3 cxd4 10. exd4 Qc7 11. Bg5 Nd7 12. Qb1 h6 13. Bd2 Nf6 14. Qc1 Re8 15.
Bxh6 gxh6 16. Qxh6 Qd8 17. Nh5 Nxh5 18. Bh7+ 1-0

[Event "4NCL Division 3 North"]
[Site "Bolton, ENG"]
[Date "2017.01.14"]
[Round "3.56"]
[White "Tebelev, Michael"]
[Black "Sadler, Anthony"]
[Result "1/2-1/2"]
[WhiteElo "1877"]
[BlackElo "1900"]
[PlyCount "86"]
[EventDate "2017.01.14"]
[WhiteTeam "3Cs 2"]
[BlackTeam "Hounds and Bears"]

1. d4 d6 2. c4 g6 3. Nc3 Bg7 4. e4 e6 5. Nf3 Nd7 6. Be2 Ne7 7. Bg5 h6 8. Bh4 a6
9. d5 e5 10. Nd2 g5 11. Bg3 Ng6 12. O-O Nf6 13. b4 O-O 14. f3 Nh5 15. Bf2 Nhf4
16. Re1 h5 17. c5 g4 18. Bf1 Kh7 19. Re3 Bh6 20. Ne2 Nxe2+ 21. Rxe2 Nf4 22. Re3
Rg8 23. Kh1 gxf3 24. Nxf3 Bg4 25. Qe1 Ng6 26. Rb3 f5 27. h3 Bxf3 28. Rxf3 f4
29. cxd6 cxd6 30. Rc1 Rc8 31. Rxc8 Qxc8 32. Rc3 Qd8 33. Be2 f3 34. Bxf3 Nf4 35.
Qd1 Qd7 36. Qc2 Rg7 37. Bb6 Nxh3 38. gxh3 Qxh3+ 39. Qh2 Qf1+ 40. Bg1 Bf4 41.
Qxh5+ Bh6 42. Qh2 Rxg1+ 43. Qxg1 Qh3+ 1/2-1/2

[Event "4NCL Division 3 North"]
[Site "Bolton, ENG"]
[Date "2017.01.14"]
[Round "3.61"]
[White "Bramson, Mike"]
[Black "Powell, Lloyd"]
[Result "0-1"]
[WhiteElo "1895"]
[BlackElo "2085"]
[PlyCount "56"]
[EventDate "2017.01.14"]
[WhiteTeam "Bradford DCA Knights C"]
[BlackTeam "Spirit of Atticus B"]

1. e4 c5 2. Nf3 e6 3. Nc3 a6 4. a4 d6 5. d4 cxd4 6. Nxd4 Nf6 7. Be2 Be7 8. O-O
Nc6 9. Be3 Bd7 10. Qd2 O-O 11. Rad1 Nxd4 12. Bxd4 Bc6 13. Bf3 Nd7 14. Qe2 Re8
15. e5 Bxf3 16. Qxf3 dxe5 17. Qxb7 exd4 18. Rxd4 Nc5 19. Qb4 Qc7 20. Qc4 Red8
21. Rfd1 Bf6 22. Rxd8+ Rxd8 23. Rxd8+ Qxd8 24. g3 Bxc3 25. Qxc5 Bxb2 26. c4 g6
27. Qc6 a5 28. Qb5 Qd2 0-1

[Event "4NCL Division 3 North"]
[Site "Bolton, ENG"]
[Date "2017.01.14"]
[Round "3.62"]
[White "Johnson, Michael D"]
[Black "Patrick, David A"]
[Result "1-0"]
[WhiteElo "1967"]
[BlackElo "1876"]
[PlyCount "107"]
[EventDate "2017.01.14"]
[WhiteTeam "Spirit of Atticus B"]
[BlackTeam "Bradford DCA Knights C"]

1. Nf3 Nf6 2. g3 g6 3. Bg2 Bg7 4. O-O O-O 5. d4 d6 6. c4 Nc6 7. Nc3 e5 8. dxe5
Nxe5 9. Nxe5 dxe5 10. Qxd8 Rxd8 11. Bg5 Rd4 12. b3 c6 13. Be3 Rd8 14. Rfd1
Rxd1+ 15. Rxd1 Be6 16. Na4 Nd7 17. Bd2 f5 18. Bc3 e4 19. f3 exf3 20. exf3 Bxc3
21. Nxc3 Kf7 22. f4 Ke7 23. Kf2 Nf6 24. Bf3 Rd8 25. Rxd8 Kxd8 26. Ke3 Kd7 27.
Kd4 Kd6 28. c5+ Ke7 29. b4 Ne8 30. a4 Nc7 31. b5 Bd7 32. Kc4 h6 33. h4 Ne6 34.
Ne2 g5 35. hxg5 hxg5 36. fxg5 Nxg5 37. Bg2 Nf7 38. Nd4 Ne5+ 39. Kc3 Kf6 40.
bxc6 Bxc6 41. Nxc6 Nxc6 42. Kc4 Ke5 43. Kb5 Nd8 44. a5 Kd4 45. c6 bxc6+ 46.
Bxc6 Ke3 47. Bd7 Nb7 48. a6 Nd6+ 49. Kc6 Ne4 50. Bxf5 Nxg3 51. Bg6 Ne2 52. Kb7
Nd4 53. Kxa7 Ne6 54. Kb6 1-0

[Event "4NCL Division 3 North"]
[Site "Bolton, ENG"]
[Date "2017.01.14"]
[Round "3.63"]
[White "Dean, Robert A"]
[Black "Miles, Richard"]
[Result "1/2-1/2"]
[WhiteElo "1849"]
[BlackElo "1987"]
[PlyCount "73"]
[EventDate "2017.01.14"]
[WhiteTeam "Bradford DCA Knights C"]
[BlackTeam "Spirit of Atticus B"]

1. Nf3 Nf6 2. d4 e6 3. Bg5 h6 4. Bh4 c5 5. e3 cxd4 6. exd4 Be7 7. Nbd2 b6 8.
Bd3 Bb7 9. O-O O-O 10. Re1 d6 11. c3 Nbd7 12. Qe2 a6 13. Rad1 Re8 14. Bc2 Nf8
15. Nf1 Nh5 16. Bg3 Nxg3 17. hxg3 Bf6 18. Ne3 g6 19. Ng4 Bg7 20. Qe3 Kh7 21.
Qf4 Qe7 22. Ngh2 Rad8 23. g4 Qf6 24. Qg3 Kg8 25. g5 hxg5 26. Nxg5 e5 27. Nhf3
Bxf3 28. gxf3 Ne6 29. Nxe6 Rxe6 30. Bb3 Ree8 31. dxe5 Rxe5 32. Rxe5 Qxe5 33.
Qxe5 Bxe5 34. Kg2 Kg7 35. Rh1 f5 36. Rh4 Rc8 37. Rc4 1/2-1/2

[Event "4NCL Division 3 North"]
[Site "Bolton, ENG"]
[Date "2017.01.14"]
[Round "3.66"]
[White "Mort, Andrew J"]
[Black "Braham, Peter"]
[Result "0-1"]
[WhiteElo "1895"]
[BlackElo "1689"]
[PlyCount "78"]
[EventDate "2017.01.14"]
[WhiteTeam "Spirit of Atticus B"]
[BlackTeam "Bradford DCA Knights C"]

1. c4 d6 2. g3 e5 3. Bg2 f5 4. Nc3 Nf6 5. e3 Be7 6. Nge2 O-O 7. O-O c6 8. d4
Na6 9. b3 Nc7 10. Ba3 e4 11. d5 cxd5 12. Nxd5 Nfxd5 13. cxd5 Bd7 14. Qd2 Bb5
15. Rfd1 Qd7 16. f3 Bf6 17. Rac1 exf3 18. Bxf3 Rae8 19. Re1 Ba6 20. Nf4 Kh8 21.
Bb2 Bxb2 22. Qxb2 Re5 23. Rxc7 Qxc7 24. Ne6 Qe7 25. Nxf8 Qxf8 26. Qd4 g5 27.
Rc1 Qb8 28. Kf2 Kg8 29. g4 Qf8 30. Kg2 Qe7 31. gxf5 Rxf5 32. Bg4 Rf6 33. Be6+
Kg7 34. Rc8 Kh6 35. Rc1 Qf8 36. Rc2 Bf1+ 37. Kg1 Be2 38. e4 Rf1+ 39. Kg2 Qf3#
0-1

[Event "4NCL Division 3 North"]
[Site "Bolton, ENG"]
[Date "2017.01.14"]
[Round "3.71"]
[White "Richardson, Alex"]
[Black "Potter, Steven"]
[Result "1-0"]
[WhiteElo "2129"]
[BlackElo "1900"]
[PlyCount "127"]
[EventDate "2017.01.14"]
[WhiteTeam "Cheddleton 2"]
[BlackTeam "Manchester Manticores 4"]

1. e4 b6 2. d4 e6 3. Nf3 Bb7 4. Bd3 c5 5. c3 Nf6 6. Qe2 Be7 7. O-O Nc6 8. a3
Na5 9. Nbd2 c4 10. Bc2 Qc7 11. Rb1 Rc8 12. Re1 a6 13. e5 Nd5 14. Ne4 Nb3 15.
Bg5 f6 16. exf6 gxf6 17. Bh4 Qf4 18. Bg3 Qg4 19. h3 Qg7 20. Bxb3 cxb3 21. c4 f5
22. cxd5 fxe4 23. dxe6 dxe6 24. Ne5 O-O 25. Nd7 Rfd8 26. Nxb6 Rc2 27. Qe3 Qxd4
28. Qxb3 Rc6 29. Na4 Bc8 30. Rbd1 Qc4 31. Rxd8+ Bxd8 32. Qxc4 Rxc4 33. b3 Ba5
34. Rd1 Rc2 35. b4 Bc7 36. Bxc7 Rxc7 37. Nc5 a5 38. Rd4 axb4 39. axb4 e3 40.
fxe3 Kf7 41. e4 Kf6 42. Kf2 Ra7 43. Rd8 Bb7 44. Rb8 Ra2+ 45. Kg3 Bc6 46. b5 Ra5
47. Rb6 Bxb5 48. Rxe6+ Kf7 49. Re5 Be2 50. Kf2 Ra2 51. Ke3 Bf1 52. Rf5+ Kg6 53.
Rxf1 Rxg2 54. Nd3 Kg7 55. e5 Rg3+ 56. Rf3 Rg6 57. Ke4 Kh6 58. Kd5 Rg5 59. Kd6
Kh5 60. e6 Ra5 61. Nc5 Kh4 62. e7 Ra8 63. Rf8 h5 64. Rxa8 1-0

[Event "4NCL Division 3 North"]
[Site "Bolton, ENG"]
[Date "2017.01.14"]
[Round "3.72"]
[White "Collins, Richard A"]
[Black "Edwards, Simon R"]
[Result "1/2-1/2"]
[WhiteElo "1930"]
[BlackElo "2065"]
[PlyCount "77"]
[EventDate "2017.01.14"]
[WhiteTeam "Manchester Manticores 4"]
[BlackTeam "Cheddleton 2"]

1. e4 c5 2. Nf3 d6 3. d4 cxd4 4. Nxd4 Nf6 5. f3 g6 6. Nc3 Bg7 7. Be3 O-O 8. Qd2
Nc6 9. Be2 Bd7 10. O-O a6 11. Kh1 Rc8 12. Nxc6 Bxc6 13. Bh6 Bxh6 14. Qxh6 Qb6
15. Rab1 Qc5 16. Bd3 b5 17. a3 Nd7 18. Qh4 e6 19. Qf2 Ne5 20. Qxc5 dxc5 21. Be2
Bb7 22. Rbd1 Rfd8 23. h3 Nc6 24. Rxd8+ Rxd8 25. Rd1 Rd4 26. Nb1 Kg7 27. Kg1 f5
28. exf5 exf5 29. c3 Rxd1+ 30. Bxd1 Ne5 31. b4 c4 32. Bc2 Nd7 33. a4 Nb6 34.
axb5 axb5 35. Kf2 Nd5 36. Bd1 Kf6 37. g3 g5 38. Be2 Ke5 39. Bf1 1/2-1/2

[Event "4NCL Division 3 North"]
[Site "Bolton, ENG"]
[Date "2017.01.14"]
[Round "3.73"]
[White "Boswell, Jacob Connor"]
[Black "Raghavendra, Mahima"]
[Result "1-0"]
[WhiteElo "1937"]
[BlackElo "1772"]
[PlyCount "83"]
[EventDate "2017.01.14"]
[WhiteTeam "Cheddleton 2"]
[BlackTeam "Manchester Manticores 4"]

1. e4 c5 2. Nf3 d6 3. d4 cxd4 4. Nxd4 Nf6 5. Nc3 a6 6. Be2 e5 7. Nb3 Be7 8. a4
Nc6 9. Be3 Be6 10. Nd5 Bxd5 11. exd5 Nb4 12. c4 a5 13. O-O Nd7 14. Qd2 b6 15.
f4 O-O 16. Rad1 f6 17. fxe5 fxe5 18. Rxf8+ Nxf8 19. Bg4 Rb8 20. Qf2 Nd7 21. Rf1
Nf6 22. Be6+ Kh8 23. g4 Nd3 24. Qf5 Nc5 25. Nxc5 bxc5 26. g5 Ng8 27. Bc1 Qe8
28. Rf3 g6 29. Qg4 Qxa4 30. Ra3 Qb4 31. Rc3 Rf8 32. h4 Qb8 33. Bd7 Rf7 34. h5
Qf8 35. Qg2 Bd8 36. Be6 Rg7 37. Rf3 Qe8 38. h6 Rc7 39. Qf1 Be7 40. Rf7 Rc8 41.
Bxc8 Qxc8 42. Rxh7+ 1-0

[Event "4NCL Division 3 North"]
[Site "Bolton, ENG"]
[Date "2017.01.14"]
[Round "3.74"]
[White "Gawne, Martin"]
[Black "Davison, Colin F S"]
[Result "1-0"]
[WhiteElo "1847"]
[BlackElo "1916"]
[PlyCount "83"]
[EventDate "2017.01.14"]
[WhiteTeam "Manchester Manticores 4"]
[BlackTeam "Cheddleton 2"]

1. e4 e6 2. d4 d5 3. Nc3 Nf6 4. Bg5 Be7 5. e5 Nfd7 6. Bxe7 Qxe7 7. f4 c5 8. Nb5
Na6 9. Nd6+ Kf8 10. Bxa6 bxa6 11. c3 a5 12. Qe2 g6 13. Nf3 h6 14. O-O Qd8 15.
Ne1 Qb6 16. Qd2 Ba6 17. Rf3 Rb8 18. Rb1 Ke7 19. Kh1 Rh7 20. g4 h5 21. f5 Nf8
22. Qg5+ Kd7 23. fxg6 fxg6 24. gxh5 Be2 25. Rf6 Bxh5 26. Qf4 Qd8 27. Nd3 cxd4
28. cxd4 g5 29. Qxg5 Bf3+ 30. Kg1 Qe7 31. Kf2 Be4 32. Nc5+ Kc6 33. Ncxe4 dxe4
34. Qf4 Kd7 35. Nxe4 Rc8 36. Re1 Qg7 37. Ng5 Ng6 38. Qg3 Rc2+ 39. Re2 Rxe2+ 40.
Kxe2 Qh6 41. Nxh7 Qh5+ 42. Kf2 1-0

[Event "4NCL Division 3 North"]
[Site "Bolton, ENG"]
[Date "2017.01.14"]
[Round "3.75"]
[White "Armstrong, William G"]
[Black "Lonsdale, Jon I"]
[Result "1/2-1/2"]
[WhiteElo "1826"]
[BlackElo "1840"]
[PlyCount "72"]
[EventDate "2017.01.14"]
[WhiteTeam "Cheddleton 2"]
[BlackTeam "Manchester Manticores 4"]

1. Nf3 c5 2. e4 Nc6 3. c3 Nf6 4. Bd3 d5 5. exd5 Qxd5 6. Qe2 Bg4 7. Bb5 e6 8. c4
Qh5 9. Bxc6+ bxc6 10. d3 Bxf3 11. gxf3 Bd6 12. Nc3 Be5 13. Be3 Bd4 14. Kd2 Qe5
15. Bxd4 Qxd4 16. Qe3 O-O-O 17. Rhg1 g6 18. Rg5 Qxc4 19. b3 Qd4 20. Rxc5 Kb7
21. Rc1 Rd6 22. Qxd4 Rxd4 23. Ne4 Nxe4+ 24. fxe4 Rhd8 25. R1c3 Rxe4 26. Rxc6
Rf4 27. Rc7+ Kb8 28. Ke3 Rf5 29. R7c4 Rd7 30. Rb4+ Rb7 31. Rd4 Rc7 32. Rd8+ Kb7
33. Rxc7+ Kxc7 34. Ra8 Kb7 35. Rh8 h5 36. f4 a5 1/2-1/2

[Event "4NCL Division 3 North"]
[Site "Bolton, ENG"]
[Date "2017.01.14"]
[Round "3.76"]
[White "Pollard, Matthew B"]
[Black "Edwards, Roger J"]
[Result "1-0"]
[WhiteElo "1727"]
[BlackElo "1676"]
[PlyCount "55"]
[EventDate "2017.01.14"]
[WhiteTeam "Manchester Manticores 4"]
[BlackTeam "Cheddleton 2"]

1. e4 e5 2. Nf3 Nc6 3. Bb5 a6 4. Ba4 Nf6 5. O-O Bc5 6. d3 b5 7. Bb3 d6 8. h3 h6
9. c3 O-O 10. Re1 Ba7 11. Nbd2 Na5 12. Bc2 c5 13. Nf1 Qb6 14. Be3 b4 15. Qd2 b3
16. axb3 Nxb3 17. Bxb3 Qxb3 18. Ra3 Qb5 19. Ng3 Qc6 20. Raa1 Bb7 21. Nf5 Qd7
22. N3h4 c4 23. Bxh6 g6 24. Bxf8 Rxf8 25. Qg5 Ne8 26. Ne7+ Kh7 27. Nhxg6 Bxf2+
28. Kf1 1-0

[Event "4NCL Division 3 North"]
[Site "Bolton, ENG"]
[Date "2017.01.14"]
[Round "3.201"]
[White "Plaza Reino, Agustin"]
[Black "Hurwitz, Ed J G"]
[Result "0-1"]
[WhiteElo "1900"]
[BlackElo "2025"]
[PlyCount "116"]
[EventDate "2017.01.14"]
[WhiteTeam "Enniscorthy"]
[BlackTeam "Bradford DCA Knights B"]

1. e4 d6 2. d4 Nf6 3. Nc3 c6 4. a4 Qa5 5. Bc4 Nxe4 6. Qf3 Nf6 7. Nh3 g6 8. Ng5
d5 9. Bd3 Na6 10. Bf4 Nb4 11. Be5 Nxd3+ 12. Qxd3 Bg7 13. O-O-O Nh5 14. Bxg7
Nxg7 15. Qf3 O-O 16. g4 f6 17. Nh3 e5 18. Qg3 exd4 19. Rxd4 Ne6 20. Rdd1 Nc5
21. Qf4 Ne6 22. Qh6 Qc7 23. f4 Qg7 24. Qh4 f5 25. g5 Nc5 26. Ng1 d4 27. Nce2 d3
28. Nc3 dxc2 29. Kxc2 Be6 30. Re1 Bb3+ 31. Kb1 Rfe8 32. Nf3 Nd3 33. Rxe8+ Rxe8
34. Ne5 Nxe5 35. Re1 Bf7 36. fxe5 Rxe5 37. Rd1 Bd5 38. Nxd5 Rxd5 39. Qc4 Qf7
40. Rxd5 Qxd5 41. Qc3 f4 42. Qe1 Qf5+ 43. Ka1 Qxg5 44. Qe8+ Kg7 45. Qd7+ Kh6
46. Qh3+ Qh5 47. Qa3 Qxh2 48. Qf8+ Kg5 49. Qe7+ Kg4 50. Qe4 Qg1+ 51. Ka2 Kg3
52. Qe5 Qg2 53. Qg5+ Kf3 54. Qh4 g5 55. Qxh7 g4 56. Qxb7 Qc2 57. Qxa7 g3 58.
Qh7 Qxh7 0-1

[Event "4NCL Division 3 North"]
[Site "Bolton, ENG"]
[Date "2017.01.14"]
[Round "3.204"]
[White "Gardiner, Eric D"]
[Black "Plaza Reino, Mercedes"]
[Result "1-0"]
[WhiteElo "1936"]
[BlackElo "1594"]
[PlyCount "123"]
[EventDate "2017.01.14"]
[WhiteTeam "Bradford DCA Knights B"]
[BlackTeam "Enniscorthy"]

1. d4 d5 2. c4 e6 3. Nc3 Nf6 4. cxd5 exd5 5. Bg5 Be7 6. Qc2 c6 7. e3 Nbd7 8.
Bd3 O-O 9. Nge2 Re8 10. O-O h6 11. Bf4 Nh5 12. Nxd5 Nxf4 13. Nxe7+ Qxe7 14.
Nxf4 Nf6 15. Qc5 Qd8 16. Rfd1 Ne4 17. Bxe4 Rxe4 18. d5 cxd5 19. Rxd5 Qf6 20.
Rad1 Re8 21. Qd4 Qxd4 22. R1xd4 g6 23. Rd8 Bf5 24. Rxa8 Rxa8 25. Nd5 Kg7 26. g4
Bc2 27. Nc3 Re8 28. Kf1 Re7 29. Ke1 f5 30. Kd2 Be4 31. Nxe4 fxe4 32. Kc3 Rc7+
33. Rc4 Re7 34. Kd4 Kf6 35. Rc5 Rd7+ 36. Rd5 Re7 37. h4 g5 38. Rf5+ Kg6 39. h5+
Kg7 40. Re5 Rf7 41. Kxe4 Rxf2 42. Re7+ Kg8 43. Rxb7 Rc2 44. a3 a5 45. Rb5 Rc4+
46. Kf5 a4 47. e4 Rc6 48. e5 Kf7 49. Rb7+ Kf8 50. e6 Ra6 51. Kf6 Kg8 52. Rb8+
Kh7 53. Ke5 Ra7 54. Kd6 Ra6+ 55. Kd7 Ra7+ 56. Kd8 Ra5 57. e7 Rd5+ 58. Kc7 Rc5+
59. Kd6 Rc1 60. e8=Q Rd1+ 61. Kc6 Rc1+ 62. Kb6 1-0

[Event "4NCL Division 3 North"]
[Site "Bolton, ENG"]
[Date "2017.01.14"]
[Round "3.207"]
[White "Kildea, Robbie"]
[Black "Barker, Arron"]
[Result "0-1"]
[WhiteElo "1672"]
[BlackElo "1899"]
[PlyCount "118"]
[EventDate "2017.01.14"]
[WhiteTeam "Enniscorthy"]
[BlackTeam "Bradford DCA Knights B"]

1. e4 b6 2. d4 Bb7 3. Nc3 e6 4. Bf4 Bb4 5. Nge2 Bxe4 6. a3 Bxc3+ 7. Nxc3 Bg6 8.
Nb5 d6 9. Qf3 Nd7 10. Qc6 Rc8 11. Bxd6 Ne7 12. Nxc7+ Kf8 13. Bc4 Nb8 14. Nxe6+
fxe6 15. Bxe7+ Kxe7 16. Qxe6+ Kf8 17. O-O Rc6 18. Qe2 Bf7 19. d5 Rd6 20. Qf3
Nd7 21. Rad1 Ne5 22. Qc3 Nxc4 23. Qxc4 Kg8 24. Rfe1 h6 25. Qe4 Rxd5 26. Rxd5
Qxd5 27. Qa4 a5 28. Qf4 Kh7 29. h3 Bg6 30. Qc7 Qc5 31. Qb7 Rf8 32. Re3 Qxc2 33.
Qxb6 Qxf2+ 34. Kh2 Re8 35. Re6 Qf4+ 36. Kg1 Rxe6 37. Qxe6 Qc1+ 38. Kh2 Qxb2 39.
Qe7 Qc2 40. Qe5 Be4 41. Qg3 a4 42. Kg1 Qe2 43. Kh2 Qd3 44. Qf4 Qe2 45. Qg3 Bxg2
46. Qxg2 Qxg2+ 47. Kxg2 Kg6 48. Kf3 Kh5 49. Kg3 g5 50. Kg2 Kh4 51. Kh2 h5 52.
Kg2 g4 53. hxg4 hxg4 54. Kh2 g3+ 55. Kg2 Kg4 56. Kg1 Kf3 57. Kf1 Ke3 58. Kg2
Kd2 59. Kxg3 Kc3 0-1

[Event "4NCL Division 3 North"]
[Site "Bolton, ENG"]
[Date "2017.01.14"]
[Round "3.203"]
[White "Baxter, Harold"]
[Black "Hodge, Steve R"]
[Result "0-1"]
[WhiteElo "1882"]
[BlackElo "1967"]
[PlyCount "86"]
[EventDate "2017.01.14"]
[WhiteTeam "Bradford DCA Knights B"]
[BlackTeam "Jorvik"]

1. Nf3 f5 2. d4 Nf6 3. g3 g6 4. Bg2 Bg7 5. c4 O-O 6. Nc3 d6 7. O-O Qe8 8. Nd5
Nxd5 9. cxd5 Nd7 10. Be3 Nb6 11. Qb3 Bd7 12. Ng5 h6 13. Ne6 Bxe6 14. dxe6 c6
15. d5 c5 16. a4 Rb8 17. Bd2 Na8 18. e4 Nc7 19. Bc3 b5 20. Bxg7 Kxg7 21. Qc3+
Kh7 22. e5 bxa4 23. exd6 exd6 24. Qa5 Qe7 25. Rxa4 Nb5 26. Rfa1 Rb7 27. Bf1 Nd4
28. Qc3 f4 29. Rxd4 cxd4 30. Qxd4 fxg3 31. hxg3 Qg7 32. Qxg7+ Kxg7 33. Ra6 Rd8
34. Bc4 Kf6 35. b3 h5 36. Kg2 g5 37. f3 h4 38. Kh3 hxg3 39. Kxg3 Ke5 40. Rc6
Rh8 41. Ra6 Rbh7 42. Ra1 Rh3+ 43. Kg4 Kf6 0-1

[Event "4NCL Division 3 North"]
[Site "Bolton, ENG"]
[Date "2017.01.14"]
[Round "3.209"]
[White "Johnson, Paul A"]
[Black "Anderson, Paul W"]
[Result "0-1"]
[WhiteElo "1878"]
[BlackElo "1746"]
[PlyCount "106"]
[EventDate "2017.01.14"]
[WhiteTeam "Bradford DCA Knights B"]
[BlackTeam "Jorvik"]

1. d4 d5 2. c4 Nf6 3. cxd5 Qxd5 4. Nc3 Qd8 5. e4 e5 6. d5 c6 7. Nf3 cxd5 8.
Nxd5 Nxd5 9. exd5 Bd6 10. Bb5+ Nd7 11. O-O O-O 12. Re1 f6 13. Be3 a6 14. Bc4
Nb6 15. Bb3 Bg4 16. h3 Bh5 17. g4 Bf7 18. Qd2 Rc8 19. Rac1 Rxc1 20. Rxc1 Bb8
21. Rd1 Qd6 22. Nh4 g6 23. f3 Rc8 24. Bxb6 Qxb6+ 25. Qf2 Qd6 26. Ng2 b5 27. Kh1
Rc5 28. Ne3 Ba7 29. Qd2 Rc7 30. Nc2 Rd7 31. a3 Qb6 32. Nb4 Bb8 33. Nc6 Bd6 34.
Kg2 Kg7 35. h4 Be8 36. Bc2 Rc7 37. Be4 Bd7 38. Qd3 Rc8 39. h5 Be8 40. hxg6 Bxg6
41. Rh1 Qc7 42. Qe3 Qf7 43. Qh6+ Kg8 44. Rc1 Rc7 45. Nd8 Qe8 46. Ne6 Rd7 47.
Bxg6 Qxg6 48. Rc8+ Kf7 49. Rf8+ Ke7 50. Qc1 Qd3 51. Rxf6 e4 52. Rf8 Qe2+ 53.
Kg1 Qh2+ 0-1

[Event "4NCL Division 3 North"]
[Site "Bolton, ENG"]
[Date "2017.01.14"]
[Round "3.202"]
[White "White, Mark W"]
[Black "O`Gorman, Alice"]
[Result "1-0"]
[WhiteElo "2021"]
[BlackElo "1795"]
[PlyCount "103"]
[EventDate "2017.01.14"]
[WhiteTeam "Jorvik"]
[BlackTeam "Enniscorthy"]

1. d4 d5 2. Nf3 Nf6 3. g3 Bg4 4. Bg2 e6 5. Bf4 Bd6 6. Bxd6 Qxd6 7. O-O Qb4 8.
b3 Nbd7 9. a3 Qb6 10. c4 Ne4 11. Qd3 Bf5 12. Qe3 Ndf6 13. Ne5 h6 14. c5 Qb5 15.
f3 Ng5 16. b4 Bxb1 17. Rfxb1 O-O 18. h4 Ngh7 19. a4 Qe8 20. b5 Nd7 21. Nd3 Nhf6
22. Qf4 Qc8 23. g4 Nb8 24. Kf2 Qd8 25. Rh1 Nh7 26. Qe3 a6 27. Kg3 Nd7 28. Nb4
axb5 29. axb5 c6 30. b6 Re8 31. Nd3 f6 32. f4 Qe7 33. Ra7 Rxa7 34. bxa7 Ra8 35.
Ra1 Nhf8 36. Nb4 e5 37. fxe5 fxe5 38. Nxd5 Qd8 39. dxe5 Ng6 40. g5 Kh8 41. Nb6
Nxb6 42. cxb6 Qe7 43. Rf1 Rd8 44. h5 Nf8 45. g6 Qe6 46. Bh3 Qd5 47. Rf7 c5 48.
Qf4 Kg8 49. Bg2 Qb3+ 50. Qf3 Qe6 51. Rxf8+ Rxf8 52. Qxf8+ 1-0

[Event "4NCL Division 3 North"]
[Site "Bolton, ENG"]
[Date "2017.01.14"]
[Round "3.205"]
[White "Pocevicius, Dovydas"]
[Black "Cowan, Richard M"]
[Result "1-0"]
[WhiteElo "1647"]
[BlackElo "1890"]
[PlyCount "87"]
[EventDate "2017.01.14"]
[WhiteTeam "Enniscorthy"]
[BlackTeam "Jorvik"]

1. e4 c6 2. d4 d5 3. e5 Bf5 4. g4 Bd7 5. Bd3 Qc8 6. f3 c5 7. c3 cxd4 8. cxd4
Nc6 9. Be3 Nb4 10. Nc3 Nxd3+ 11. Qxd3 e6 12. Rc1 Qd8 13. Nge2 a6 14. O-O Ne7
15. f4 h5 16. h3 hxg4 17. hxg4 Nc6 18. Bf2 g6 19. Kg2 Qb6 20. Rh1 Rxh1 21. Rxh1
O-O-O 22. Na4 Qa5 23. Qb3 Qd2 24. Kf3 Na5 25. Qc3+ Qxc3+ 26. Naxc3 Nc4 27. b3
Na3 28. Rh7 Be8 29. Bh4 f6 30. Bxf6 Rd7 31. Rh8 Rf7 32. Rg8 Kd7 33. f5 gxf5 34.
gxf5 exf5 35. Nf4 Kc6 36. Ne6 Rxf6 37. exf6 Bh5+ 38. Kf4 Bd6+ 39. Kxf5 Nc2 40.
Rc8+ Kd7 41. Rd8+ Kc6 42. Kg5 Bf7 43. Rxd6+ Kxd6 44. Nd8 1-0

[Event "4NCL Division 3 North"]
[Site "Bolton, ENG"]
[Date "2017.01.14"]
[Round "3.208"]
[White "Flint, Martina"]
[Black "O'gorman, Brian"]
[Result "1-0"]
[WhiteElo "1844"]
[BlackElo "1600"]
[PlyCount "71"]
[EventDate "2017.01.14"]
[WhiteTeam "Jorvik"]
[BlackTeam "Enniscorthy"]

1. f4 d5 2. g3 c5 3. Bg2 e6 4. Nf3 Bd6 5. O-O Ne7 6. d3 O-O 7. c3 Nbc6 8. e4
dxe4 9. dxe4 e5 10. f5 b5 11. Ng5 h6 12. Nh3 Kh7 13. Qh5 f6 14. g4 Qe8 15. Qh4
Ng8 16. Be3 Bb7 17. g5 fxg5 18. Nxg5+ Kh8 19. Ne6 Rf6 20. Qg4 g6 21. Nd2 c4 22.
Qh4 h5 23. Bg5 Rf7 24. Rf3 Bc8 25. fxg6 Bxe6 26. Qxh5+ Kg7 27. Qh7+ Kf8 28.
gxf7 Bxf7 29. Rxf7+ Qxf7 30. Rf1 Qxf1+ 31. Nxf1 Bc5+ 32. Be3 Be7 33. Bf3 Nd8
34. Qf5+ Bf6 35. Ng3 Ke7 36. Bc5+ 1-0

[Event "4NCL Division 3 North"]
[Site "Bolton, ENG"]
[Date "2017.01.14"]
[Round "3.25"]
[White "Scattergood, Ben"]
[Black "Lyth, John D"]
[Result "0-1"]
[WhiteElo "1854"]
[BlackElo "1982"]
[PlyCount "70"]
[EventDate "2017.01.14"]
[WhiteTeam "Holmes Chapel"]
[BlackTeam "Manchester Manticores 3"]

1. e4 e5 2. Nf3 Nc6 3. Bc4 Nf6 4. d3 Be7 5. O-O O-O 6. Be3 d5 7. exd5 Nxd5 8.
Nc3 Nxe3 9. fxe3 Bg4 10. Qe1 Qd7 11. Qg3 Be6 12. Ne4 Kh8 13. Nfg5 f6 14. Nxh7
Kxh7 15. Qh4+ Kg6 16. h3 Bd6 17. g4 Kf7 18. Ng5+ Ke7 19. Nxe6 Rh8 20. Qg3 e4
21. Nf4 Ne5 22. Bb3 Rae8 23. g5 Nf3+ 24. Rxf3 exf3 25. gxf6+ gxf6 26. Qg7+ Kd8
27. Qxf6+ Qe7 28. Ne6+ Kc8 29. Qf5 Kb8 30. Qxf3 Reg8+ 31. Kf2 Qh4+ 32. Ke2 Rg3
33. Qf2 Qxh3 34. Rg1 Qg4+ 35. Kf1 Qd1+ 0-1

[Event "4NCL Division 3 North"]
[Site "Bolton, ENG"]
[Date "2017.01.14"]
[Round "3.26"]
[White "Tyton, Adam"]
[Black "Roberts, Malcolm A"]
[Result "1/2-1/2"]
[WhiteElo "1907"]
[BlackElo "1664"]
[PlyCount "46"]
[EventDate "2017.01.14"]
[WhiteTeam "Manchester Manticores 3"]
[BlackTeam "Holmes Chapel"]

1. e4 e6 2. d4 d5 3. Nc3 dxe4 4. Nxe4 Nd7 5. Nf3 Ngf6 6. Ng3 Bd6 7. Bd3 b6 8.
Bg5 h6 9. Bd2 Bb7 10. c4 O-O 11. Qe2 c5 12. Bc3 Re8 13. O-O-O cxd4 14. Nxd4 a6
15. Kb1 Qe7 16. Qd2 Nc5 17. Rhe1 Nxd3 18. Qxd3 Qc7 19. Nf3 Be7 20. Be5 Qc5 21.
Bd4 Qc7 22. Be5 Qc5 23. Bd4 Qc7 1/2-1/2